[Event "18th American Continental"]
[Site "Foz do Iguacu BRA"]
[Date "2025.05.24"]
[Round "2.67"]
[White "Acosta, Franco Emanuel"]
[Black "Moura, Bernardo Lalane Mascarenha"]
[Result "1-0"]
[WhiteElo "2075"]
[BlackElo "1854"]
[WhiteFideId "130265"]
[BlackFideId "44704976"]
[EventDate "2025.05.23"]

1. d4 d5 2. Bf4 Nf6 3. e3 c5 4. dxc5 Nc6 5. Bb5 a6 6. Bxc6+ bxc6 7. c3 a5 8. Ne2
a4 9. Nd4 Ra6 10. Nc2 Bb7 11. Nb4 Ra8 12. Qd4 e6 13. Nd2 Nd7 14. Nd3 Ba6 15. Ne5
Nxc5 16. Nxc6 Qb6 17. Nb4 Qb5 18. Nxa6 Rxa6 19. c4 Qxb2 20. Qxb2 Nd3+ 21. Ke2
Nxb2 22. cxd5 exd5 23. Rab1 a3 24. Be5 Rb6 25. Rhc1 Kd7 26. Bd4 Rb8 27. Rc2 Bd6
28. Bxb2 axb2 29. Rbxb2 Rxb2 30. Rxb2 Ra8 31. Nf3 f6 32. Nd4 Be5 33. Rb7+ Bc7
34. a3 Rxa3 35. Rxc7+ 1-0

[Event "18th American Continental"]
[Site "Foz do Iguacu BRA"]
[Date "2025.05.24"]
[Round "2.68"]
[White "Deretti, Lucas Jurk"]
[Black "Reyes Zavaleta, Cristhian Yamil"]
[Result "1/2-1/2"]
[WhiteElo "1862"]
[BlackElo "2073"]
[WhiteFideId "22779825"]
[BlackFideId "3844340"]
[EventDate "2025.05.23"]

1. e4 e6 2. d4 d5 3. Nd2 c5 4. Ngf3 cxd4 5. Nxd4 Nf6 6. exd5 Qxd5 7. Nb5 Na6 8.
Nc3 Qe5+ 9. Be2 Bb4 10. Ncb1 O-O 11. c3 Be7 12. Nf3 Qc7 13. Bg5 Rd8 14. Nbd2 Nc5
15. Qc2 b6 16. Nd4 Bb7 17. O-O Rac8 18. a4 Ng4 19. Bxg4 Bxg5 20. Rfd1 Qf4 21.
Bf3 Ba6 22. g3 Qc7 23. Ne4 Be7 24. Nxc5 bxc5 25. Nb5 Qb6 26. c4 Bf6 27. Rxd8+
Rxd8 28. Rd1 Rxd1+ 29. Qxd1 Bxb5 30. axb5 Bxb2 31. Qd7 g6 32. h4 h5 33. g4 Bd4
34. gxh5 Qa5 35. Qe8+ Kg7 36. h6+ Kxh6 37. Qf8+ Bg7 38. Qxf7 Qa1+ 39. Kg2 Qf6
40. Qxa7 Qxh4 41. Qxc5 Bd4 42. Qf8+ Kh7 43. Qf7+ Kh6 44. Bc6 Qg4+ 45. Kf1 Qd1+
46. Kg2 Qg4+ 1/2-1/2

[Event "18th American Continental"]
[Site "Foz do Iguacu BRA"]
[Date "2025.05.24"]
[Round "2.69"]
[White "Pontes, Luiz Felizola Lima"]
[Black "Barandiaran, Gabriel"]
[Result "1-0"]
[WhiteElo "2070"]
[BlackElo "1841"]
[WhiteFideId "44709919"]
[BlackFideId "3004694"]
[EventDate "2025.05.23"]

1. e4 c6 2. d4 d5 3. Nc3 dxe4 4. Nxe4 Nd7 5. Ng5 Ngf6 6. Bd3 e6 7. N1f3 Bd6 8.
O-O h6 9. Ne4 Nxe4 10. Bxe4 O-O 11. Re1 c5 12. c3 cxd4 13. Nxd4 Nf6 14. Bc2 a6
15. Qf3 e5 16. Nf5 Bxf5 17. Qxf5 Re8 18. Be3 Qe7 19. Rad1 Rad8 20. Bb6 Bc7 21.
Rxd8 Qxd8 22. Rd1 Qe7 23. Be3 Rd8 24. Rxd8+ Qxd8 25. Bb3 Qe7 26. Qc8+ Kh7 27.
Qxb7 Qd6 28. Bc2+ e4 1-0

[Event "18th American Continental"]
[Site "Foz do Iguacu BRA"]
[Date "2025.05.24"]
[Round "2.70"]
[White "Luz, Jhonatan Rodrigues Da"]
[Black "Guimaraes, Marcelo Cunha"]
[Result "0-1"]
[WhiteElo "1858"]
[BlackElo "2064"]
[WhiteFideId "2119501"]
[BlackFideId "2118068"]
[EventDate "2025.05.23"]

1. c4 e5 2. g3 Nf6 3. Bg2 Nc6 4. Nf3 Bc5 5. O-O d6 6. Nc3 a6 7. d3 O-O 8. Bd2 h6
9. a3 Be6 10. b4 Ba7 11. Rb1 Qd7 12. Qc2 Bh3 13. b5 axb5 14. Rxb5 Bxg2 15. Kxg2
Nd4 16. Nxd4 Bxd4 17. e3 Bc5 18. a4 b6 19. h3 c6 20. Rb2 d5 21. cxd5 cxd5 22.
Rfb1 Rfc8 23. Qd1 d4 24. Nb5 dxe3 25. Bxe3 Bxe3 26. fxe3 Nd5 27. Re2 Nc3 28.
Nxc3 Rxc3 29. Rxb6 Rxd3 30. Qb1 Rxa4 31. Rb8+ Kh7 32. Kh2 e4 33. Rb4 Rxb4 34.
Qxb4 Qf5 35. Qe1 Qd5 36. Qf2 f5 37. Qf4 Rd2 38. Qf2 Rxe2 39. Qxe2 Qd3 40. Qf2 g6
41. h4 Qd5 42. Qc2 g5 43. hxg5 hxg5 44. Qc7+ Kh6 45. Qb6+ Kh5 46. Qb2 Qd3 47.
Qh8+ Kg4 48. Qh3+ Kf3 49. Qxf5+ Kxe3 50. Qxg5+ Kf2 51. Qf4+ Qf3 52. Qd2+ Qe2 53.
Qf4+ Ke1+ 54. Kh3 e3 55. Qb4+ Kf2 56. g4 Qf3+ 57. Kh4 e2 58. Qd4+ Kg2 59. Qd2
Qf2+ 60. Kh5 e1=Q 61. Qd5+ Qf3 62. Qa2+ Qee2 63. Qg8 Qh3+ 0-1

[Event "18th American Continental"]
[Site "Foz do Iguacu BRA"]
[Date "2025.05.24"]
[Round "2.72"]
[White "Medero Mino, Leon"]
[Black "Izquierdo, Daniel"]
[Result "1-0"]
[BlackTitle "FM"]
[WhiteElo "1843"]
[BlackElo "2053"]
[WhiteFideId "20027290"]
[BlackFideId "3000044"]
[EventDate "2025.05.23"]

1. e4 c5 2. Nc3 Nc6 3. Bb5 e6 4. Nf3 Nge7 5. O-O a6 6. Bxc6 Nxc6 7. d3 d6 8. Be3
Be7 9. d4 cxd4 10. Nxd4 O-O 11. Qe2 Bd7 12. Rfd1 Qc7 13. Nb3 Rac8 14. Na4 Ne5
15. Nb6 Bb5 16. Qh5 Rcd8 17. Rac1 Nc4 18. Nxc4 Bxc4 19. Qa5 Rc8 20. Qxc7 Rxc7
21. Na5 Be2 22. Re1 Bh5 23. Bb6 Rd7 24. c4 Rc8 25. f3 Bg6 26. Rcd1 h5 27. Re3 f5
28. e5 f4 29. Re2 d5 30. cxd5 Bc5+ 31. Bxc5 Rxc5 32. b4 Rcxd5 33. Rxd5 exd5 34.
Nb3 d4 35. e6 Rd6 36. e7 Be8 37. Re4 d3 38. Rxf4 Bf7 39. Nd2 Rd7 40. Re4 Be8 41.
Kf2 Kf7 42. Ke3 Rxe7 43. Rxe7+ Kxe7 44. Kxd3 Ke6 45. Kd4 h4 46. Ne4 Bc6 47. g3
hxg3 48. hxg3 b6 49. g4 a5 50. a3 axb4 51. axb4 Ba4 52. f4 Bd1 53. f5+ Kf7 54.
g5 Be2 55. Ke5 Ke7 56. g6 Kf8 57. Ng5 Bb5 58. Ne6+ Kg8 59. Kf4 Bc4 60. Kg5 Bd5
61. Nc7 Bc4 62. Na8 b5 63. Nc7 Kf8 64. Ne6+ Ke7 65. Nc5 Kd6 66. f6 gxf6+ 67.
Kxf6 Bd5 68. Kg7 Bc4 69. Kh8 Bd5 70. g7 Ke5 71. g8=Q Bxg8 72. Kxg8 Kd5 73. Kf7
Kc4 74. Na6 Kd4 75. Ke6 1-0

[Event "18th American Continental"]
[Site "Foz do Iguacu BRA"]
[Date "2025.05.24"]
[Round "2.73"]
[White "Cezar Junior, William Carlos"]
[Black "Da Silva, Joao Carlos Orguim"]
[Result "1-0"]
[WhiteElo "2048"]
[BlackElo "1809"]
[WhiteFideId "2130769"]
[BlackFideId "2121654"]
[EventDate "2025.05.23"]

1. c4 c5 2. g3 Nc6 3. Bg2 b6 4. Nf3 Bb7 5. O-O g6 6. Nc3 Bg7 7. e3 e5 8. d4 cxd4
9. exd4 Nxd4 10. Nxd4 Bxg2 11. Kxg2 exd4 12. Re1+ Kf8 13. Bf4 d6 14. Nb5 Be5 15.
Bxe5 dxe5 16. Rxe5 Ne7 17. Nxd4 Qc7 18. Re4 Qxc4 19. Ne6+ Qxe6 20. Rxe6 fxe6 21.
Qf3+ Kg7 22. Re1 Nf5 23. Rxe6 Rhf8 24. Qb7+ Kg8 25. Qd5 Kg7 26. g4 Nh4+ 27. Kg3
Nf3 28. Re7+ Kh6 29. h4 g5 30. Qe6+ 1-0

[Event "18th American Continental"]
[Site "Foz do Iguacu BRA"]
[Date "2025.05.24"]
[Round "2.75"]
[White "Moccero, Eduardo"]
[Black "Brandao, Renan Alves"]
[Result "0-1"]
[WhiteElo "1804"]
[BlackElo "2032"]
[WhiteFideId "103373"]
[BlackFideId "2115905"]
[EventDate "2025.05.23"]

1. d4 Nf6 2. Nf3 g6 3. c4 Bg7 4. Nc3 O-O 5. Bf4 d6 6. h3 Nc6 7. e3 Nd7 8. Be2 h6
9. O-O e5 10. Bg3 f5 11. Rc1 f4 12. Bh2 g5 13. d5 Ne7 14. Ne4 Nf5 15. exf4 exf4
16. b4 a5 17. a3 Bb2 18. Rb1 Bxa3 19. bxa5 Nc5 20. Nc3 Rxa5 21. Nb5 Bd7 22. Qd2
b6 23. Nfd4 Nxd4 24. Qxd4 Bf5 25. Rbd1 Ne4 26. Nxa3 Rxa3 27. Qb2 Ra5 28. Ra1 Qf6
29. Qxf6 Nxf6 30. g4 Re8 31. gxf5 Rxe2 32. Rxa5 bxa5 33. Ra1 Rc2 34. Ra4 Ne4 0-1

[Event "18th American Continental"]
[Site "Foz do Iguacu BRA"]
[Date "2025.05.24"]
[Round "2.76"]
[White "Serafim Junior, Arnor"]
[Black "Jodorcovsky, Alejandro David"]
[Result "0-1"]
[BlackTitle "CM"]
[WhiteElo "1804"]
[BlackElo "2022"]
[WhiteFideId "2130750"]
[BlackFideId "3705625"]
[EventDate "2025.05.23"]

1. c4 e6 2. Nf3 Nf6 3. g3 d5 4. d4 dxc4 5. Bg2 c5 6. Qa4+ Bd7 7. Qxc4 b5 8. Qc2
Na6 9. O-O Rc8 10. Ne5 cxd4 11. Qd1 Nb4 12. Na3 Qb6 13. Bg5 Be7 14. Qb3 Qd6 15.
Bf4 Qb6 16. Bg5 Rc7 17. Rac1 O-O 18. Bxf6 gxf6 19. Nxd7 Rxd7 20. Nc2 Na6 21. Na3
Nb4 22. Nc2 Na6 23. Na3 Nb4 24. Nc2 Nd5 25. Rfd1 Bc5 26. Qd3 a5 27. a3 a4 28.
Qf3 f5 29. Ne1 Bd6 30. Qd3 Bc5 31. Qf3 Ne7 32. Nd3 Bd6 33. Nf4 Be5 34. Nd3 Bg7
35. Qf4 Nd5 36. Qf3 Ne7 37. Nb4 Rd6 38. Nc6 Nd5 39. Nb4 Ne7 40. Nc6 Ng6 41. Nb4
Ne5 42. Qb7 Qxb7 43. Bxb7 Nc4 44. Rc2 Na5 45. Bg2 Rb8 46. Nc6 Nxc6 47. Bxc6 Bh6
48. f4 Rb6 49. Bg2 e5 50. fxe5 Re6 51. Rxd4 Be3+ 0-1

[Event "18th American Continental"]
[Site "Foz do Iguacu BRA"]
[Date "2025.05.24"]
[Round "2.77"]
[White "Brand, Lethicia Soethe"]
[Black "Mariani, Daniel Brandao"]
[Result "0-1"]
[WhiteElo "1799"]
[BlackElo "2002"]
[WhiteFideId "22725458"]
[BlackFideId "2124378"]
[EventDate "2025.05.23"]

1. e4 c5 2. Nf3 Nc6 3. d4 cxd4 4. Nxd4 e5 5. Nb5 d6 6. N1c3 a6 7. Na3 Be7 8. Nd5
Nf6 9. Nxf6+ Bxf6 10. Nc4 O-O 11. Be3 b5 12. Bb6 Qe7 13. Nxd6 Rb8 14. Bc5 Rd8
15. Qf3 Rxd6 16. Bxd6 Qxd6 17. c3 Be6 18. Be2 Na5 19. O-O Nc4 20. Bxc4 Bxc4 21.
Rfd1 Qc7 22. b3 Be6 23. Rd3 Be7 24. Rad1 b4 25. Rc1 Rc8 26. Qe3 f6 27. g3 Bc5
28. Qd2 Bd4 29. c4 Qc5 30. Kg2 a5 31. f4 Bd7 32. Rd1 Bc6 33. Qe2 Rf8 34. f5 Ra8
35. g4 Qe7 36. h4 Qb7 37. Kf3 a4 38. Rb1 g6 39. bxa4 h5 40. fxg6 Bxe4+ 41. Kg3
hxg4 42. Kxg4 f5+ 43. Kh3 Rxa4 44. Rxd4 exd4 45. Rg1 Ra3+ 46. Rg3 Rxg3+ 47. Kxg3
Qc7+ 48. Kh3 Qf4 49. c5 d3 50. Qd1 Qe3+ 51. Kh2 Qf2+ 0-1

[Event "18th American Continental"]
[Site "Foz do Iguacu BRA"]
[Date "2025.05.24"]
[Round "2.78"]
[White "De Oliveira, Yuri Garcia"]
[Black "Boghi, Victor Almeida"]
[Result "1-0"]
[WhiteElo "2001"]
[BlackElo "1786"]
[WhiteFideId "22762000"]
[BlackFideId "2179067"]
[EventDate "2025.05.23"]

1. c4 Nf6 2. Nf3 g6 3. Nc3 Bg7 4. e4 d6 5. d4 O-O 6. Be2 e5 7. Be3 Nc6 8. d5 Ne7
9. Nd2 a6 10. b4 Nd7 11. c5 f5 12. f3 Nf6 13. Nc4 f4 14. Bf2 g5 15. cxd6 cxd6
16. Qb3 Ng6 17. Nb6 g4 18. Nxa8 gxf3 19. gxf3 Nh5 20. O-O-O Bh3 21. Nb6 Nh4 22.
Rhg1 Ng2 23. Nca4 Ne3 24. Rde1 Ng2 25. Rd1 Ne3 26. Rd3 Rf7 27. Kb1 Rc7 28. Rc3
Bd7 29. Rxc7 Qxc7 30. Rc1 Bxa4 31. Rxc7 Bxb3 32. axb3 1-0

[Event "18th American Continental"]
[Site "Foz do Iguacu BRA"]
[Date "2025.05.24"]
[Round "2.79"]
[White "Montiel Caceres, Helen"]
[Black "Montevilla C., Elias Alejandro"]
[Result "0-1"]
[WhiteTitle "WFM"]
[WhiteElo "1980"]
[BlackElo "1769"]
[WhiteFideId "3707121"]
[BlackFideId "3322211"]
[EventDate "2025.05.23"]

1. Nf3 Nf6 2. c4 c5 3. g3 g6 4. Bg2 Bg7 5. Nc3 Nc6 6. d3 O-O 7. O-O d6 8. a3 a5
9. Rb1 Rb8 10. Ne1 e6 11. Bg5 h6 12. Be3 Ne7 13. Nb5 Nf5 14. Bd2 Bd7 15. b4 axb4
16. axb4 Bxb5 17. cxb5 b6 18. Nc2 Nd7 19. Ne3 Nd4 20. Bc6 Ne5 21. Bg2 Nxb5 22.
Qc1 Nd4 23. Re1 Rc8 24. Qa3 d5 25. bxc5 bxc5 26. Rb7 Qd6 27. Kf1 Ra8 28. Qb2
Ndf3 29. Bxf3 Nxf3 30. Qc2 Nxe1 31. Bxe1 e5 32. Ng2 Rfb8 33. Qb3 Rxb7 34. Qxb7
Rb8 35. Qa7 Qb6 36. Qe7 Qc6 37. Qa7 Ra8 38. Qe7 Ra1 39. f3 c4 40. dxc4 Qxc4 41.
Nf4 Qc1 42. Nd3 Qe3 43. h4 Ra2 44. Nf4 e4 45. Qd8+ Kh7 46. Qxd5 Rb2 0-1

[Event "18th American Continental"]
[Site "Foz do Iguacu BRA"]
[Date "2025.05.24"]
[Round "2.97"]
[White "Simao, Diogo Roger De Sousa"]
[Black "Medero, Hildo Rodrigo"]
[Result "1-0"]
[WhiteElo "1934"]
[BlackElo "1553"]
[WhiteFideId "2117215"]
[BlackFideId "20029098"]
[EventDate "2025.05.23"]

1. d4 Nf6 2. Nf3 e6 3. Bg5 d5 4. Nbd2 Be7 5. c3 O-O 6. Bxf6 Bxf6 7. e4 dxe4 8.
Nxe4 Bd7 9. Bd3 Nc6 10. Qc2 g6 11. h4 Kg7 12. h5 Kh8 13. hxg6 fxg6 14. Nxf6 Rxf6
15. Bxg6 Ne7 16. Bxh7 Qf8 17. O-O-O Rh6 18. Ne5 Ba4 19. Qxa4 Qf4+ 20. Kb1 Rxh7
21. Qd7 Qe4+ 22. Ka1 Kg8 23. Qxe6+ Kf8 24. Nd7+ 1-0

[Event "18th American Continental"]
[Site "Foz do Iguacu BRA"]
[Date "2025.05.24"]
[Round "2.98"]
[White "Pereira Fo, Hildebrando Apolonio"]
[Black "Caceres Benitez, Fernando Israel"]
[Result "0-1"]
[WhiteElo "1620"]
[BlackElo "1929"]
[WhiteFideId "2139510"]
[BlackFideId "3710777"]
[EventDate "2025.05.23"]

1. c4 e5 2. d3 Nf6 3. g3 c6 4. Bg2 h6 5. a3 d5 6. Nd2 Be6 7. b4 a5 8. Bb2 axb4
9. axb4 Rxa1 10. Qxa1 dxc4 11. Nxc4 Bxb4+ 12. Bc3 Qd4 13. Kd2 Bxc4 14. Nf3 Bxc3+
15. Qxc3 Qxc3+ 16. Kxc3 Bd5 17. e4 Be6 18. Nxe5 Nbd7 19. Nc4 b5 20. Ne3 Nb6 21.
Rc1 Kd7 22. Kd2 Ra8 23. h3 Ra2+ 24. Ke1 b4 25. e5 Nfd5 26. Nd1 b3 27. Rb1 Nb4
28. Bf1 Na4 29. g4 b2 0-1

[Event "18th American Continental"]
[Site "Foz do Iguacu BRA"]
[Date "2025.05.24"]
[Round "2.99"]
[White "Silva, Adriano Da"]
[Black "Guimaraes, Felipe Pavanato"]
[Result "1-0"]
[WhiteElo "1924"]
[BlackElo "1523"]
[WhiteFideId "2128675"]
[BlackFideId "538009064"]
[EventDate "2025.05.23"]

1. d4 d6 2. Nf3 Nf6 3. c4 Nbd7 4. g3 e5 5. Bg2 c6 6. O-O Qc7 7. Nc3 h6 8. Nh4 g6
9. Qd3 Be7 10. f4 b6 11. dxe5 dxe5 12. Nb5 Qb7 13. Nd6+ Bxd6 14. Qxd6 e4 15. b4
c5 16. Bb2 cxb4 17. Bxf6 Nxf6 18. Qxf6 O-O 19. Nxg6 fxg6 20. Qxg6+ Qg7 21. Qxg7+
Kxg7 22. Bxe4 Rb8 23. Rfd1 Bf5 24. Bxf5 Rxf5 25. Rd7+ Kg6 26. Rad1 a5 27. e4 Rc5
28. R1d6+ Kh5 29. Rh7 Kg4 30. Kg2 Rxc4 31. Rg6+ Kh5 32. Rhxh6# 1-0

[Event "18th American Continental"]
[Site "Foz do Iguacu BRA"]
[Date "2025.05.24"]
[Round "2.100"]
[White "Solaeche G., Axel Jose"]
[Black "Cordero, Daniela"]
[Result "0-1"]
[BlackTitle "WIM"]
[WhiteElo "1566"]
[BlackElo "1923"]
[WhiteFideId "3709426"]
[BlackFideId "3301630"]
[EventDate "2025.05.23"]

1. e4 e6 2. d4 d5 3. Nd2 Nf6 4. exd5 exd5 5. Ngf3 Bd6 6. Bd3 O-O 7. O-O Bg4 8.
h3 Bh5 9. b3 Re8 10. Re1 Nc6 11. Bb2 Nb4 12. Rxe8+ Nxe8 13. Be2 Bg6 14. c3 Nd3
15. Bxd3 Bxd3 16. Ne5 Bf5 17. c4 c6 18. Ng4 a5 19. Ne3 Be6 20. Nf3 f5 21. Qc2
Qf6 22. Ne5 f4 23. N3g4 Qg5 24. Nf3 Qh5 25. Ngh2 Nf6 26. Re1 Ne4 27. Bc1 Rf8 28.
h4 Bf5 29. Qb2 Rf6 30. Qe2 Bb4 31. Rf1 Bd7 32. a3 Bd6 33. Re1 Rh6 34. c5 Bc7 35.
b4 g5 36. hxg5 Nxg5 37. Kf1 Re6 38. Qd1 Ne4 39. Bb2 Rg6 40. Qb3 Qxh2 41. Nxh2
Nd2+ 42. Kg1 Nxb3 43. Re7 Rg7 44. Rxg7+ Kxg7 45. Nf3 Bf5 46. Kf1 Kf6 47. Ke2 Bg4
48. Kd3 Bxf3 49. gxf3 h5 0-1

[Event "18th American Continental"]
[Site "Foz do Iguacu BRA"]
[Date "2025.05.24"]
[Round "2.101"]
[White "Oviedo Acosta, Paula"]
[Black "Ramirez Bentos, Ana Paula"]
[Result "1-0"]
[WhiteTitle "WFM"]
[WhiteElo "1920"]
[BlackElo "1500"]
[WhiteFideId "3704394"]
[BlackFideId "3720152"]
[EventDate "2025.05.23"]

1. e4 e5 2. Bc4 Nf6 3. d3 Bc5 4. Nf3 d6 5. c3 h6 6. Nbd2 Nc6 7. a4 a5 8. h3 Qe7
9. Nf1 Be6 10. Ng3 g6 11. Bb3 Ba7 12. Bc2 Rd8 13. Qe2 Bc5 14. Be3 Bxe3 15. Qxe3
d5 16. O-O d4 17. Qd2 h5 18. Ng5 Bc8 19. f4 Qc5 20. Kh1 h4 21. Ne2 dxc3 22. bxc3
Nh7 23. Bb3 Nxg5 24. fxg5 Be6 25. Bxe6 fxe6 26. Rf6 Qd6 27. Raf1 Ne7 28. d4 c5
29. Qa2 Kd7 30. d5 Qa6 31. Rxe6 Qd3 32. Rf7 Rde8 33. d6 Rhf8 34. Rfxe7+ Rxe7 35.
dxe7 Re8 36. Qd5+ Qxd5 37. exd5 Rxe7 38. Rxe7+ Kxe7 39. c4 Kd6 40. Nc3 b5 41.
Nxb5+ Kd7 42. Nc3 Kd6 43. Ne4+ Kd7 44. Nxc5+ Kd6 45. Ne4+ Kd7 46. c5 Kc7 47. Nf6
Kd8 48. d6 Kc8 49. c6 Kb8 50. Nd7+ Ka8 51. Nb6+ Ka7 52. c7 e4 53. c8=Q e3 54.
Nd7 e2 55. Qc7+ Ka6 56. Qb6# 1-0

[Event "18th American Continental"]
[Site "Foz do Iguacu BRA"]
[Date "2025.05.24"]
[Round "2.102"]
[White "Dos Santos, Gabriel Conte"]
[Black "Silva, Juliana Figueira Theophilo"]
[Result "0-1"]
[BlackTitle "WFM"]
[WhiteElo "1543"]
[BlackElo "1919"]
[WhiteFideId "22776389"]
[BlackFideId "22781684"]
[EventDate "2025.05.23"]

1. e4 c5 2. Nf3 d6 3. Bb5+ Nd7 4. O-O a6 5. Bd3 b5 6. c3 Ngf6 7. Bc2 Bb7 8. Qe2
e6 9. d4 Be7 10. Rd1 Qc7 11. a4 Rb8 12. axb5 axb5 13. Na3 Bc6 14. b3 O-O 15. Bb2
Rfe8 16. Bd3 Qb7 17. Nd2 Nf8 18. f3 Ng6 19. Qe3 Bd8 20. c4 cxd4 21. Bxd4 e5 22.
Ba7 b4 23. Nb5 Bxb5 24. cxb5 d5 25. Ra6 Rc8 26. Nb1 Nf4 27. Bf1 dxe4 28. fxe4
Ng4 29. Qf3 Nf6 30. Bf2 Qxe4 31. Qxe4 Nxe4 32. Be1 Be7 33. g3 Ne6 34. Bg2 N4c5
35. Bxb4 Nxa6 36. Bxe7 Rxe7 37. bxa6 Nd4 38. Bb7 Rb8 39. b4 Rbxb7 40. axb7 Rxb7
41. Na3 Rxb4 42. Nc2 Ra4 43. Rb1 g6 44. Ne3 Kg7 45. Kf1 Ra2 46. Ng4 Nf3 0-1

[Event "18th American Continental"]
[Site "Foz do Iguacu BRA"]
[Date "2025.05.24"]
[Round "2.103"]
[White "Morales Flores, Monserrat"]
[Black "Vaz, Vania Dora Madona"]
[Result "1-0"]
[WhiteTitle "WCM"]
[WhiteElo "1919"]
[BlackElo "1471"]
[WhiteFideId "3412016"]
[BlackFideId "22793887"]
[EventDate "2025.05.23"]

1. e4 e6 2. d4 d5 3. Nd2 dxe4 4. Nxe4 Bd7 5. Nf3 Bc6 6. Bd3 Nd7 7. O-O Ngf6 8.
Re1 Be7 9. Qe2 O-O 10. Neg5 Bxf3 11. Nxf3 Re8 12. c3 Nf8 13. Ne5 c6 14. Bf4 Bd6
15. Rad1 Nd5 16. Bg3 f6 17. Nf3 Bxg3 18. hxg3 Re7 19. a3 Qe8 20. c4 Nc7 21. g4
Rd8 22. g3 Qf7 23. Kg2 g6 24. Bc2 Rde8 25. Rh1 g5 26. Rh6 f5 27. Ne5 Qg7 28.
Rdh1 Ng6 29. Rxh7 Qf6 30. R7h6 Rg7 31. gxf5 exf5 32. Qh5 Nxe5 33. Rh8# 1-0

[Event "18th American Continental"]
[Site "Foz do Iguacu BRA"]
[Date "2025.05.24"]
[Round "2.104"]
[White "Galeano Rolin, Mateo Josias"]
[Black "Bulhoes, Benicio Rocha"]
[Result "0-1"]
[WhiteElo "1502"]
[BlackElo "1918"]
[WhiteFideId "3716171"]
[BlackFideId "44704879"]
[EventDate "2025.05.23"]

1. e4 Nf6 2. Nc3 d5 3. e5 Nfd7 4. d4 e6 5. Nf3 c5 6. Nb5 Nc6 7. Bf4 Qb6 8. c3 a6
9. dxc5 Bxc5 10. Nd6+ Bxd6 11. exd6 Qxb2 12. Bd2 Qa3 13. Bd3 Qxd6 14. Be3 Nde5
15. Nxe5 Nxe5 16. Bc2 Nc4 17. O-O Nxe3 18. fxe3 f5 19. c4 O-O 20. Rf3 g6 21. Bb3
Rd8 22. cxd5 exd5 23. Qd4 Be6 24. Qh4 Rac8 25. Rh3 Rd7 26. Rg3 Qe5 27. Rf1 b5
28. Rgf3 a5 29. a4 Rc3 30. Bd1 Rxe3 31. axb5 d4 32. b6 Bc4 33. Ba4 Re7 34. b7
Rxb7 35. Qd8+ Kg7 36. Qc8 Rc7 37. Qd8 Bxf1 38. Rxf1 Re1 39. Bb5 Rxf1+ 40. Bxf1
Rc1 41. Qd7+ Kh6 42. h3 Qe3+ 43. Kh2 Qf4+ 44. g3 Qf2+ 45. Kh1 0-1

[Event "18th American Continental"]
[Site "Foz do Iguacu BRA"]
[Date "2025.05.24"]
[Round "2.106"]
[White "Noguera Delgado, Gael Eduardo"]
[Black "Pessoa, Marcio de Souza"]
[Result "0-1"]
[WhiteElo "1484"]
[BlackElo "1912"]
[WhiteFideId "3717348"]
[BlackFideId "2127180"]
[EventDate "2025.05.23"]

1. e3 e5 2. c4 Bc5 3. Be2 Nc6 4. Nc3 Nf6 5. Nf3 d5 6. cxd5 Nxd5 7. Qc2 Ndb4 8.
Qb3 Be6 9. Qd1 Nd3+ 10. Bxd3 Qxd3 11. a3 Bg4 12. Qe2 Qxe2+ 13. Nxe2 O-O 14. d3
Rad8 15. b4 Bb6 16. Bb2 Bxf3 17. gxf3 Rxd3 18. O-O Rd2 19. Bd4 exd4 20. Nxd4
Nxd4 21. exd4 Bxd4 22. Rad1 Bxf2+ 23. Kh1 Rxd1 24. Rxd1 Re8 25. Rd7 Bb6 26. a4
a5 27. bxa5 Bxa5 28. Kg2 g6 29. Kg3 Rc8 30. Kg4 c5 31. Kg5 Kg7 32. Rxb7 c4 33.
Ra7 c3 34. Rxa5 Rc4 35. Rb5 h6# 0-1

[Event "18th American Continental"]
[Site "Foz do Iguacu BRA"]
[Date "2025.05.24"]
[Round "3.15"]
[White "Lopez Rayo, Santiago"]
[Black "Diamant, Andre"]
[Result "1/2-1/2"]
[WhiteTitle "FM"]
[BlackTitle "GM"]
[WhiteElo "2282"]
[BlackElo "2487"]
[WhiteFideId "4455665"]
[BlackFideId "2108356"]
[EventDate "2025.05.23"]

1. e4 c5 2. Nf3 Nc6 3. d4 cxd4 4. Nxd4 e6 5. Nc3 a6 6. Be3 Nf6 7. a3 d6 8. f4
Be7 9. Qf3 e5 10. Nxc6 bxc6 11. fxe5 dxe5 12. Bc4 O-O 13. h3 Rb8 14. b3 Ne8 15.
O-O Nd6 16. Bd3 a5 17. Ne2 Be6 18. Ng3 f6 19. Nf5 Nxf5 20. exf5 Bxb3 21. Qxc6
Rc8 22. Qb5 Bf7 23. Rfd1 Qc7 24. Bb6 Qxb6+ 25. Qxb6 Bc5+ 26. Qxc5 Rxc5 27. Rdb1
Bd5 28. Rb5 Rxb5 29. Bxb5 Rc8 30. Rd1 Bf7 31. Ba6 Ra8 32. Rd6 Kf8 33. c4 Ra7 34.
Bb5 Ke7 35. Rc6 g6 36. g4 gxf5 37. gxf5 Rd7 38. Ra6 Rc7 39. Rxa5 Bxc4 40. Bxc4
Rxc4 41. Ra7+ Kd6 42. Rf7 e4 43. Rxf6+ Ke5 44. Rh6 Kf4 45. f6 Kg3 46. Kf1 Kf3
47. Kg1 Kg3 48. Kf1 Kf3 49. Kg1 Rc1+ 50. Kh2 Rc2+ 51. Kg1 Rc7 52. Rh5 Rc1+ 53.
Kh2 Rc2+ 54. Kg1 Rc1+ 1/2-1/2

[Event "18th American Continental"]
[Site "Foz do Iguacu BRA"]
[Date "2025.05.24"]
[Round "3.16"]
[White "Lujan, Carolina"]
[Black "Hungaski, Robert"]
[Result "0-1"]
[WhiteTitle "IM"]
[BlackTitle "GM"]
[WhiteElo "2259"]
[BlackElo "2477"]
[WhiteFideId "109878"]
[BlackFideId "2021030"]
[EventDate "2025.05.23"]

1. e4 e5 2. Nf3 Nc6 3. Bc4 Bc5 4. d3 Nf6 5. O-O d6 6. c3 Bb6 7. Be3 Ne7 8. Nbd2
Ng6 9. a4 c6 10. d4 O-O 11. a5 exd4 12. Bxd4 Bc7 13. b4 d5 14. exd5 Nxd5 15. Ne4
Ngf4 16. Re1 Bg4 17. h3 Bf5 18. Ng3 Be6 19. Bf1 Re8 20. Qc2 f6 21. Rad1 Bf7 22.
Rxe8+ Qxe8 23. Qb2 Ne6 24. Re1 Qd7 25. c4 Ndf4 26. Bc3 Bg6 27. Qb3 Rd8 28. Ne4
Qf7 29. Nh4 Bxe4 30. Rxe4 Ng5 31. Re3 Qh5 32. c5+ Kf8 33. Nf5 Ngxh3+ 34. gxh3
Qxf5 35. Rf3 Qg6+ 36. Kh1 0-1